• 首页
  • 本馆介绍
  • 公告通知
  • 最新文献
  • 馆藏检索
  • 电子资源
  • 读者导购
  • 参考咨询
  • 我的图书馆
  • 登录
  • 详细信息显示
  • 放入我的书架
  • 预约/预借图书
  • 作者相关作品
  • 分类相关作品
  • 丛书相关作品
  • 出版社相关作品

书目信息

  • 表格格式
  • 工作单格式
  • 卡片格式
题名:
人口社会学
    
 
作者: 杨菊华 , 谢永飞 编著
分册:  
出版信息: 北京   中国人民大学出版社  2016
页数: 325页
开本: 26cm
丛书名:
单 册:
中图分类: C92-05
科图分类:
主题词: 人口社会学--教材
电子资源:
ISBN: 978-7-300-23012-2
000 01521nam0 2200277 450
001 2146
005 20180522170647.81
010    @a978-7-300-23012-2@dCNY38.00
100    @a20160923d2016 em y0chiy50 ea
101 0  @achi
102    @aCN@b110000
105    @ay z 000yy
200 1  @a人口社会学@9ren kou she hui xue@dDemographic sociology@f杨菊华,谢永飞编著@zeng
210    @a北京@c中国人民大学出版社@d2016
215    @a325页@d26cm
300    @a教育部高等学校社会学学科教学指导委员会推荐教材 新编21世纪社会学系列教材 专业课与选修课教材
314    @a杨菊华,中国人民大学人口学系教授,博士生导师。获武汉大学历史本硕学位,美国辛辛那提大学人类学硕士、布朗大学社会学系博士学位。出版《流动人口经济融入》、《人口转变与老年贫困》、《生育政策与出生性别比》等。
314    @a谢永飞,南昌大学公共管理学院社会学系副教授,南昌大学赣江青年学者。获中山大学人口学硕士学位,中国人民大学人口学博士学位。在《人口与经济》、《南方人口》等学术刊物上发表论文20余篇。
330    @a本教材共分为四个部分。一是总论,介绍人口社会学的学科特点、理论脉络、发展历程和研究范式。二是人口过程与社会运行,描述生育制度、死亡模式、人口的迁移分布与社会的变迁发展。三是人口结构与社会基础,阐述人口的年龄结构、性别结构、婚姻家庭以及社会分层状况。四是人口特征与社会发展,关注人力资本与人口质量、人口状况与政治格局。
510 1  @aDemographic sociology@zeng
606 0  @a人口社会学@j教材
690    @aC92-05@v5
701  0 @a杨菊华@9yang ju hua@4编著
701  0 @a谢永飞@9xie yong fei@4编著
801  0 @aCN@b91MARC@c20160923
905    @aMuseLib@dC92-05@e98
    
    人口社会学=Demographic sociology/杨菊华,谢永飞编著.-北京:中国人民大学出版社,2016
    325页;26cm
    教育部高等学校社会学学科教学指导委员会推荐教材 新编21世纪社会学系列教材 专业课与选修课教材
    
    ISBN 978-7-300-23012-2:CNY38.00
    本教材共分为四个部分。一是总论,介绍人口社会学的学科特点、理论脉络、发展历程和研究范式。二是人口过程与社会运行,描述生育制度、死亡模式、人口的迁移分布与社会的变迁发展。三是人口结构与社会基础,阐述人口的年龄结构、性别结构、婚姻家庭以及社会分层状况。四是人口特征与社会发展,关注人力资本与人口质量、人口状况与政治格局。
●
相关链接 在E读中查询图书 在五车中查询图书 在当当中查询图书 在豆瓣中查询图书


正题名:人口社会学     索取号:C92-05/98         预约/预借

序号 登录号 条形码 馆藏地/架位号 状态 备注
1 1108137   211081372   第一样本阅览室/ [索取号:C92-05/98] 在馆    
2 1108138   211081381   教育系资料室/ [索取号:C92-05/98] 在馆    
3 1108139   211081390   教育系资料室/ [索取号:C92-05/98] 在馆    
4 1108140   211081407   第一借阅区/ [索取号:C92-05/98] 在馆    
唐山师范学院图书馆 欢迎您!
大连网信软件有限公司© 版权所有